000 00549nam a2200193Ia 4500
005 20250326145316.0
008 250326s9999 xx 000 0 und d
037 _aTextbook
040 _aFMSL
_beng
_cFMSL
041 _aeng
_2eng
084 _aX:87.1 P6
_qFMSL
100 _aMobley W H
_9750591
245 0 _aAdvances in global leadership Vol 4
_cMobley W H; Weldon E
260 _aBoston
_bBoston, Elasevier
_c2006
365 _b5679.6999999999998
650 _aManagement
942 _cTB
_hX:87.1 P6
999 _c1307127
_d1307127